Statistics for Countries Starting with G - One Minute Sprint

Click here to take the quiz!

General Stats

  • This quiz has been taken 71 times
  • The average score is 9 of 12

Answer Stats

country% Correct
Guinea
91%
Guatemala
81%
Guinea-Bissau
81%
Gambia
77%
Guyana
77%
Gabon
72%
Germany
72%
Grenada
72%
Greece
70%
Ghana
68%
Georgia
63%
Greenland
28%

Score Distribution

Percentile by Number Answered

Percent of People with Each Score

Your Score History

You have not taken this quiz